| 000 | 01162nam a2200217Ia 4500 | ||
|---|---|---|---|
| 001 | 15544 | ||
| 003 | GE_BSU | ||
| 008 | 181216s||||||||xx |||||||||||||| ||und|| | ||
| 040 | _cGE_BSU | ||
| 080 | _a821.161.1-311.6+82-93 | ||
| 100 | _aალექსეევი, ს. | ||
| 245 | _aისტორიული მოთხრობები | ||
| 245 | _cთარგმნა ო. ნოდიამ. რედ.მ. მენთეშაშვილი | ||
| 260 | _aთბილისი | ||
| 260 | _bგანათლება | ||
| 260 | _c1984 | ||
| 300 | _a600გვ.22სმ. | ||
| 653 | _aისტორიული მოთხრობები | ||
| 653 | _aისტორიული მოთხრობები; მოთხრობები დიდი სამამულო ომის ისტორიიდან; მოთხრობები ვოლგისპირა დიად ბრძოლაზე; მოთხრობები ბერლინის ბრძოლაზე, მის დალაშქვრასა და საბოლოო გამარჯვებაზე | ||
| 942 | _cBK | ||
| 999 |
_c48644 _d48644 |
||